| 000 | 00399nam a2200145Ia 4500 | ||
|---|---|---|---|
| 008 | 210210b1975 xxu||||| |||| 00| 0 eng d | ||
| 020 | _a0 04 952012 1 | ||
| 082 | _a952.03 BEAM | ||
| 100 | _aBEASLEY (W G). | ||
| 245 | _aModern japan aspects of history, literature and society. | ||
| 260 |
_aLondon. _bGeorge Allen & Unwin Ltd. _c1975 |
||
| 300 | _a296 | ||
| 690 | _aAsian History | ||
| 906 | _a032689 | ||
| 999 |
_c83824 _d83824 |
||